Statistics for NFL Players College

Click here to take the quiz!

General Stats

  • This quiz has been taken 63 times
  • The average score is 12 of 15

Answer Stats

HintAnswer% Correct
Jared GoffCal
98%
Deshaun WatsonClemson
98%
Saquon BarkleyPenn State
98%
Patrick MahomesTexas Tech
98%
Derrick HenryAlabama
95%
Lamar JacksonLouisville
91%
Nick BosaOhio State
91%
T.J. WattWisconsin
88%
Larry FitzgeraldPitt
82%
Carson WentzNorth Dakota State
79%
Dalvin CookFlorida State
77%
Josh Allen (QB)Wyoming
77%
Khalil MackBuffalo
68%
Alvin KamaraTennessee
64%
Jimmy GaroppoloEastern Illinois
39%

Score Distribution

Percentile by Number Answered

Percent of People with Each Score

Your Score History

You have not taken this quiz